00340nam a2200121Ia 45000030006000000080041000060400015000471000018000622450093000802600016001735460012001890050017002010STCL150530s9999 xx 000 0 und d aSTCLcSTCL aChitale, V.P. aProject viability in inflaionary conditions a study of capital cost and poject viability bVikasc1981 aEnglish20220125165616.0